[Event "Twente Young Master op-C"]
[Site "Twente"]
[Date "2007.08.10"]
[Round "8"]
[White "Gunther, Marcella"]
[Black "Vierkant, Alexander"]
[Result "1-0"]
[WhiteElo "1584"]
[BlackElo "1400"]
[PlyCount "39"]
[EventDate "2007.08.06"]
[EventType "swiss"]
[EventRounds "9"]
[EventCountry "NED"]
[SourceTitle "EXT 2008"]
[Source "ChessBase"]
[SourceDate "2007.11.25"]
[SourceVersion "1"]
[SourceVersionDate "2007.11.25"]
[SourceQuality "1"]

1. e4 c5 2. Nf3 d6 3. c3 g6 4. d4 cxd4 5. cxd4 Bg7 6. Nc3 Bg4 7. Be2 Nc6 8. d5 Ne5 9. Nxe5 Bxe2 10. Qxe2 Bxe5 11. 0-0 Qc7 12. Bd2 Rc8 13. Rac1 a6 14. Kh1 Bg7 15. f4 Nf6 16. e5 Nd7 17. exd6 Qxd6 18. Nb5 Qb8 19. Rxc8+ Qxc8 20. Nd6+ 1-0